Statistics for Catholic Codes

Click here to take the quiz!

General Stats

  • This quiz has been taken 31 times
  • The average score is 17 of 56

Answer Stats

HintAnswer% Correct
7 SacramentsBaptism
82%
Confirmation
77%
Marriage
77%
Confession
68%
Eucharist
68%
Holy Orders
68%
3 Theological VirtuesFaith
64%
Hope
59%
Charity
55%
Annointing of the Sick
50%
12 Gifts of the Holy SpiritLove
50%
7 Gifts of the Holy SpiritWisdom
50%
Bury the Dead
45%
4 Last ThingsDeath
45%
Fortitude
45%
Fortitude
45%
Heaven
41%
Hell
41%
Chastity
36%
Clothe the Naked
36%
7 Corporal Works of MercyFeed the Hungry
36%
Judgement
36%
Peace
36%
Temperance
36%
Fear of the Lord
32%
Joy
32%
Prudence
32%
Full Knowledge
27%
4 Cardinal VirtuesJustice
27%
Knowledge
27%
Piety
27%
Understanding
27%
Counsel
23%
3 Criteria of Mortal SinGrave matter
23%
Kindness
23%
Patience
23%
Shelter the Homeless
23%
Visit the Sick
23%
Actual Grace
18%
Sanctifying Grace
18%
Gentleness
14%
Goodness
14%
Sacramental Grace
14%
Visit the Imprisoned
14%
Faithfulness
9%
Modesty
9%
Self-Control
9%
Generosity
5%
4 Kinds of GraceHabitual Grace
5%
Full Intention
0%
Give drink to the Thristy
0%
5 Precepts of the ChurchYou shall attend mass on Sundays and on Holy days of obligations; and remain free from works or activities that could the sanctity of such days.
0%
You shall confess your sins at least once a year.
0%
You shall help to provide for the needs of the Church.
0%
You shall observe fasting and abstinence established by the Church.
0%
You shall receive the Eucharist at least on Easter season
0%

Score Distribution

Percentile by Number Answered

Percent of People with Each Score

Your Score History

You have not taken this quiz